00491nam a2200157Ia 4500003000400000008004100004020001500045040001600060082001900076245007300095260006600168300002200234650002400256650002600280650002700306GCL140319s9999 xx 000 0 eng d a9773054713 aGCL / cGCL04aCCb727.6bE G10aTHE GRAND MUSEUM OF EGYPT : bINTERNATIONAL ARCHITECTURE COMPETITION aالقاهرة : bTHE EGYPTIAN MINISTRY OF CULTURE ، c2003 a32 CM ؛ c2 VOL.04aMUSEUM - TECHNIQUES04aMUSEUM - ARCHITECTURE04aMUSEUMS OF ART - EGYPT